000
00304nam a22001337a 4500
008
171222b xxu||||| |||| 00| 0 eng d
020
_a
9781456497026
041
_a
eng
080
_a
82
100
_a
21
101
_a
GJL
245
_a
SHAKESPEARE'S SONNETS
_c
SHAKESPEARE,W
942
_2
udc
_c
BK
999
_c
39301
_d
39301